| 000 | 00489nam a22001697a 4500 | ||
|---|---|---|---|
| 001 | 10079 | ||
| 003 | FISKH | ||
| 005 | 20260403122917.0 | ||
| 008 | 260403b cb ||||| |||| 00| 0 eng d | ||
| 020 | _a9787557528775 | ||
| 040 |
_aFISKH _bchi _cFISKH _dFISKH |
||
| 082 | _a155.412 | ||
| 100 | _a严欢 | ||
| 245 |
_a宝宝自我保护意识培养:我不要身体受伤 : _bHome safety for baby / _c严欢 |
||
| 300 |
_a23 pages : _bcolor illustrations ; _c23 cm . |
||
| 942 |
_2ddc _cBOOK _n0 |
||
| 999 |
_c10079 _d10079 |
||